Southville International School and Colleges
Your cart is empty.
  • Cart
  • Lists
    Public lists Eva Luna New books Lux_list list_1
    Your lists Log in to create your own lists
  • Log in to your account
  • Your cookies
  • Search history
Southville International School and Colleges
  • Advanced search
  • Recent comments
  • Most popular
  • Libraries

Log in to your account

Log in with GOOGLE


If you do not have an external account, but do have a local account, you can still log in:

  1. Home
  2. MARC view: The Usborne science quizbook /
Normal view MARC view ISBD view

The Usborne science quizbook / (Record no. 12358)

[ view plain ]
MARC details
000 -LEADER
fixed length control field 00595nam a22002057a 4500
003 - CONTROL NUMBER IDENTIFIER
control field OSt
005 - DATE AND TIME OF LATEST TRANSACTION
control field 20140310182351.0
008 - FIXED-LENGTH DATA ELEMENTS--GENERAL INFORMATION
fixed length control field 130930t xxu||||| |||| 00| 0 eng d
020 ## - INTERNATIONAL STANDARD BOOK NUMBER
International Standard Book Number 0746013582
050 ## - LIBRARY OF CONGRESS CALL NUMBER
Classification number Q 173
Item number .D752 1993
082 ## - DEWEY DECIMAL CLASSIFICATION NUMBER
Classification number GS 507.8
Item number D76 1993
100 ## - MAIN ENTRY--PERSONAL NAME
Personal name Dowswell, Paul
9 (RLIN) 22161
245 ## - TITLE STATEMENT
Title The Usborne science quizbook /
Statement of responsibility, etc Paul Dowswell.
260 ## - PUBLICATION, DISTRIBUTION, ETC. (IMPRINT)
Place of publication, distribution, etc England :
Name of publisher, distributor, etc Usborne Pub. Ltd,
Date of publication, distribution, etc 1993.
300 ## - PHYSICAL DESCRIPTION
Extent 32 p. :
Other physical details col. ill. ;
Dimensions 28 cm.
650 ## - SUBJECT ADDED ENTRY--TOPICAL TERM
Topical term or geographic name as entry element Science
General subdivision Miscellanea.
9 (RLIN) 22162
650 ## - SUBJECT ADDED ENTRY--TOPICAL TERM
Topical term or geographic name as entry element Questions and answers.
9 (RLIN) 4945
942 ## - ADDED ENTRY ELEMENTS (KOHA)
Source of classification or shelving scheme Library of Congress Classification
Koha item type
Holdings
Withdrawn status Lost status Source of classification or shelving scheme Damaged status Home library Current library Shelving location Date acquired Total Checkouts Total Renewals Full call number Barcode Date last seen Date checked out Copy number Price effective from Koha item type
    Library of Congress Classification   Luxembourg Library Luxembourg Library Grade School Section 09/30/2013 1 49 Q 173 .D752 1993 14383 02/17/2015 06/04/2014 1 09/30/2013 Books

The Usborne science quizbook /

APA

Dowswell P., . (1993). The Usborne science quizbook. England: Usborne Pub. Ltd.

Chicago

Dowswell Paul, . 1993. The Usborne science quizbook. England: Usborne Pub. Ltd.

Harvard

Dowswell P., . (1993). The Usborne science quizbook. England: Usborne Pub. Ltd.

MLA

Dowswell Paul, . The Usborne science quizbook. England: Usborne Pub. Ltd. 1993.

  • Place hold
  • Print
  • Cite
  • Add to your cart (remove)
  • Save record
    BIBTEX Dublin Core MARCXML MARC (non-Unicode/MARC-8) MARC (Unicode/UTF-8) MARC (Unicode/UTF-8, Standard) MODS (XML) RIS
  • More searches
    Search for this title in:
    Other Libraries (WorldCat) Other Databases (Google Scholar) Online Stores (Bookfinder.com) Open Library (openlibrary.org)

Exporting to Dublin Core...

SOUTHVILLE LIBRARY

Southville International School and Colleges Library

1281 Tropical Ave. Cor. Luxembourg St., BF Homes International, Las Pinas City

Tel. No. 8256374 / 252358 Loc. 117/146

Powered by Koha